| 000 | 01165 a2200205 4500 | ||
|---|---|---|---|
| 003 | Nust | ||
| 005 | 20230223174636.0 | ||
| 010 | _a688634 | ||
| 020 | _a0716704366 | ||
| 040 | _cNust | ||
| 082 | _a510,STE | ||
| 100 |
_aStein K,Sherman _9109535 |
||
| 245 |
_aMathematics: the man-made universe; _ban introduction to the spirit of mathematics / _cStein, Sherman K. |
||
| 250 | _a2nd ed | ||
| 260 |
_aSan Francisco, _bW. H. Freeman _c[1963 |
||
| 300 | _a415:P | ||
| 505 | _aThe Fifteen Puzzle (Page-1), The Complete Triangle (Page-16), Questions on Weighing (Page-32) The Primes (Page-41), The Fundamentals Theorem of Arithmetic (Page-59), Rational and Irrationals (Page-76), Titling (Page-92), Titling And Electricity (Page-107), The Highway Inspector and The Saleman (Page-125), Memory Wheels (Page-140), Congruence (Page-152), Strange Algebras (Page-171), Orthogonal Tables (Page-190), Map Coloring (Page-212), The Representation of Numbers (Page-238), Types of Numbers (Page-259), Construction By Straight guide and Compass (Page-293), Infinite Sets (Page-314), A General View (Page-339). | ||
| 650 | _aMathematics | ||
| 942 |
_2ddc _cBK |
||
| 999 |
_c180212 _d180212 |
||